005590000a220009700045001000021000002450023000213000046000445000129000905200218002197730024004371 aSimpson, Charles10a"Boga mar adentro" aVol.2, núm.12 (1992), Páginas 178-181 aCharles Simpson es editor de la revita Christian Conquest. ministra dentro y fuera de los Estados Unidos de Norteamérica. aLaliberación de la iglesia de la actitud de espectador. Atrapados en la costa. Barcas vacías. Al entrar a una barca. Aguas profundas. Una pesca abundante. Un llamamiento más alto. La iglesia liberada.0 tConquista Cristiana